[Event "EYCC 2024 - O12"]
[Site "?"]
[Date "2024.08.24"]
[Round "3.9"]
[White "Aeschbacher, Dimitri"]
[Black "Akkus, Muhammed Ali"]
[Result "0-1"]
[BlackElo "1698"]
[WhiteElo "2021"]
[LiveChessVersion "1.4.8"]

1. e4 {[%clk 1:30:46]} c5 {[%clk 1:30:39]} 2. Nf3 {[%clk 1:31:09]} d6
{[%clk 1:30:53]} 3. Bb5+ {[%clk 1:30:58]} Bd7 {[%clk 1:30:37]} 4. Bxd7+
{[%clk 1:30:40]} Qxd7 {[%clk 1:30:28]} 5. O-O {[%clk 1:30:35]} Nc6
{[%clk 1:28:34]} 6. Re1 {[%clk 1:29:55]} e6 {[%clk 1:19:55]} 7. b3
{[%clk 1:30:21]} Nf6 {[%clk 1:17:17]} 8. Bb2 {[%clk 1:30:38]} Be7
{[%clk 1:14:44]} 9. c4 {[%clk 1:30:53]} O-O {[%clk 1:10:07]} 10. d4
{[%clk 1:31:19]} cxd4 {[%clk 1:09:07]} 11. Nxd4 {[%clk 1:31:42]} Rfd8
{[%clk 1:05:13]} 12. Nc3 {[%clk 1:30:18]} Rac8 {[%clk 1:00:28]} 13. Qd2
{[%clk 1:29:15]} a6 {[%clk 0:57:37]} 14. Rad1 {[%clk 1:26:28]} Nxd4
{[%clk 0:54:11]} 15. Qxd4 {[%clk 1:26:51]} Qc6 {[%clk 0:48:07]} 16. a4
{[%clk 1:24:13]} Bf8 {[%clk 0:42:28]} 17. a5 {[%clk 1:18:48]} Qc7
{[%clk 0:39:27]} 18. Ra1 {[%clk 1:14:09]} Nd7 {[%clk 0:39:21]} 19. Re3
{[%clk 1:03:06]} Ne5 {[%clk 0:25:00]} 20. Rg3 {[%clk 1:00:16]} Qc5
{[%clk 0:21:57]} 21. Qd2 {[%clk 0:59:03]} f6 {[%clk 0:18:46]} 22. Na4
{[%clk 0:58:31]} Qc6 {[%clk 0:18:54]} 23. f4 {[%clk 0:57:06]} Nd7
{[%clk 0:18:07]} 24. Re1 {[%clk 0:55:13]} Kh8 {[%clk 0:15:44]} 25. Kh1
{[%clk 0:51:53]} Nc5 {[%clk 0:12:06]} 26. Nxc5 {[%clk 0:48:09]} dxc5
{[%clk 0:12:31]} 27. Qc3 {[%clk 0:48:17]} Rd7 {[%clk 0:09:41]} 28. Qf3
{[%clk 0:48:01]} Rcd8 {[%clk 0:07:16]} 29. Qg4 {[%clk 0:47:44]} Qxe4
{[%clk 0:07:18]} 30. Rg1 {[%clk 0:46:58]} Rd3 {[%clk 0:07:27]} 31. Rxd3
{[%clk 0:44:22]} Rxd3 {[%clk 0:07:56]} 32. Qh5 {[%clk 0:44:41]} Qg6
{[%clk 0:07:41]} 33. Qe2 {[%clk 0:44:05]} Rd6 {[%clk 0:05:33]} 34. Qf3
{[%clk 0:42:58]} Qc2 {[%clk 0:05:06]} 35. Ba1 {[%clk 0:42:56]} Rd7
{[%clk 0:04:37]} 36. h3 {[%clk 0:43:09]} Qd3 {[%clk 0:04:22]} 37. Qh5
{[%clk 0:43:28]} Kg8 {[%clk 0:03:36]} 38. Qg4 {[%clk 0:42:50]} Kf7
{[%clk 0:04:04]} 39. Re1 {[%clk 0:43:03]} Qf5 {[%clk 0:03:30]} 40. Qe2
{[%clk 0:43:05]} h5 {[%clk 0:01:25]} 41. Qf3 {[%clk 0:40:35]} g6 {[%clk 0:01:07]}
42. Qe2 {[%clk 0:33:12]} Rd6 {[%clk 0:01:23]} 43. Qf3 {[%clk 0:32:03]} Rd7
{[%clk 0:01:48]} 44. Qe2 {[%clk 0:32:25]} h4 {[%clk 0:01:56]} 45. Qf3
{[%clk 0:31:12]} Bh6 {[%clk 0:02:07]} 46. Bb2 {[%clk 0:26:52]} Bxf4
{[%clk 0:01:09]} 47. Rf1 {[%clk 0:25:50]} e5 {[%clk 0:01:36]} 48. Ba3
{[%clk 0:24:06]} Qd3 {[%clk 0:01:35]} 49. Bxc5 {[%clk 0:24:19]} Qxf3
{[%clk 0:01:56]} 50. gxf3 {[%clk 0:24:36]} Rd3 {[%clk 0:02:04]} 51. b4
{[%clk 0:24:14]} Rc3 {[%clk 0:02:29]} 52. b5 {[%clk 0:24:34]} axb5
{[%clk 0:02:40]} 53. Bb4 {[%clk 0:24:47]} Rxc4 {[%clk 0:03:04]} 54. Be1
{[%clk 0:24:50]} Rc1 {[%clk 0:03:25]} 55. Kg2 {[%clk 0:25:16]} g5
{[%clk 0:03:44]} 56. Kh1 {[%clk 0:25:20]} Bg3 {[%clk 0:03:54]} 0-1

[Event "EYCC 2024 - O12"]
[Site "?"]
[Date "2024.08.24"]
[Round "3.10"]
[White "Garakhanov, Shamsi"]
[Black "Golis, Wiktor"]
[Result "0-1"]
[BlackElo "2216"]
[WhiteElo "1906"]
[LiveChessVersion "1.4.8"]

1. d4 {[%clk 1:30:54]} Nf6 {[%clk 1:30:51]} 2. Nf3 {[%clk 1:31:18]} d5
{[%clk 1:29:56]} 3. c4 {[%clk 1:31:20]} e6 {[%clk 1:30:09]} 4. g3
{[%clk 1:29:41]} dxc4 {[%clk 1:29:58]} 5. Bg2 {[%clk 1:29:05]} a6
{[%clk 1:29:43]} 6. O-O {[%clk 1:24:50]} Nc6 {[%clk 1:28:59]} 7. a4
{[%clk 1:19:57]} Rb8 {[%clk 1:22:36]} 8. Re1 {[%clk 1:10:17]} Be7
{[%clk 1:19:35]} 9. e4 {[%clk 1:09:49]} O-O {[%clk 1:18:46]} 10. h3
{[%clk 1:06:45]} b5 {[%clk 1:17:01]} 11. axb5 {[%clk 1:06:49]} axb5
{[%clk 1:17:26]} 12. g4 {[%clk 1:06:27]} Nb4 {[%clk 1:14:27]} 13. g5
{[%clk 0:58:37]} Nd7 {[%clk 1:13:53]} 14. Bf1 {[%clk 0:56:16]} Bd6
{[%clk 0:57:14]} 15. Nc3 {[%clk 0:51:48]} c5 {[%clk 0:50:55]} 16. d5
{[%clk 0:49:22]} Ne5 {[%clk 0:47:43]} 17. Nxe5 {[%clk 0:41:57]} Bxe5
{[%clk 0:47:59]} 18. h4 {[%clk 0:39:12]} Qc7 {[%clk 0:39:43]} 19. Be3
{[%clk 0:37:13]} Rd8 {[%clk 0:34:57]} 20. Qd2 {[%clk 0:34:43]} exd5
{[%clk 0:22:40]} 21. Nxd5 {[%clk 0:33:44]} Nxd5 {[%clk 0:22:37]} 22. exd5
{[%clk 0:34:06]} Bb7 {[%clk 0:21:03]} 23. Bg2 {[%clk 0:34:05]} b4
{[%clk 0:17:33]} 24. Rac1 {[%clk 0:26:41]} c3 {[%clk 0:14:33]} 25. Qe2
{[%clk 0:21:55]} cxb2 {[%clk 0:10:55]} 26. Rxc5 {[%clk 0:21:32]} Qd6
{[%clk 0:11:19]} 27. Ra5 {[%clk 0:21:08]} Bc3 {[%clk 0:10:58]} 28. Rb1
{[%clk 0:19:25]} Ra8 {[%clk 0:09:38]} 29. Rc5 {[%clk 0:16:48]} Ra1
{[%clk 0:08:23]} 30. Be4 {[%clk 0:16:13]} Bxd5 {[%clk 0:06:07]} 31. Bc2
{[%clk 0:12:59]} Ba2 {[%clk 0:05:54]} 32. Rf1 {[%clk 0:09:12]} b1=Q
{[%clk 0:04:02]} 33. Bxb1 {[%clk 0:09:39]} Bxb1 {[%clk 0:04:18]} 0-1

[Event "EYCC 2024 - O12"]
[Site "?"]
[Date "2024.08.24"]
[Round "3.11"]
[White "Zhang, Yibo"]
[Black "Golubovic, Erik"]
[Result "0-1"]
[BlackElo "2117"]
[WhiteElo "1938"]
[LiveChessVersion "1.4.8"]

1. e4 {[%clk 1:30:53]} c5 {[%clk 1:30:44]} 2. Nf3 {[%clk 1:31:01]} d6
{[%clk 1:31:07]} 3. d4 {[%clk 1:31:28]} cxd4 {[%clk 1:31:31]} 4. Nxd4
{[%clk 1:31:54]} Nf6 {[%clk 1:31:50]} 5. Nc3 {[%clk 1:32:19]} a6 {[%clk 1:32:12]}
6. Be2 {[%clk 1:32:06]} g6 {[%clk 1:29:29]} 7. Be3 {[%clk 1:29:23]} Bg7
{[%clk 1:29:35]} 8. Qd2 {[%clk 1:27:19]} Nbd7 {[%clk 1:25:50]} 9. f3
{[%clk 1:12:37]} h5 {[%clk 1:23:58]} 10. a4 {[%clk 1:08:09]} b6 {[%clk 1:16:57]}
11. O-O-O {[%clk 0:51:05]} Nc5 {[%clk 1:05:46]} 12. e5 {[%clk 0:43:58]} dxe5
{[%clk 0:59:32]} 13. Nc6 {[%clk 0:42:02]} Qxd2+ {[%clk 0:59:47]} 14. Rxd2
{[%clk 0:41:59]} Ncd7 {[%clk 0:54:32]} 15. Rhd1 {[%clk 0:35:31]} Bb7
{[%clk 0:52:07]} 16. Nb4 {[%clk 0:34:40]} e6 {[%clk 0:47:46]} 17. Kb1
{[%clk 0:21:53]} Bf8 {[%clk 0:43:40]} 18. Nd3 {[%clk 0:21:15]} Bh6
{[%clk 0:43:25]} 19. Bxh6 {[%clk 0:20:23]} Rxh6 {[%clk 0:43:54]} 20. Nf2
{[%clk 0:18:41]} Rh8 {[%clk 0:37:59]} 21. b4 {[%clk 0:13:52]} Ke7
{[%clk 0:34:48]} 22. Nce4 {[%clk 0:09:32]} Bxe4 {[%clk 0:31:13]} 23. Nxe4
{[%clk 0:09:21]} Ra7 {[%clk 0:29:58]} 24. Nxf6 {[%clk 0:08:21]} Nxf6
{[%clk 0:30:10]} 25. Bc4 {[%clk 0:07:34]} Rc8 {[%clk 0:29:00]} 26. Bb3
{[%clk 0:07:57]} a5 {[%clk 0:25:35]} 27. bxa5 {[%clk 0:06:01]} Rxa5
{[%clk 0:24:09]} 28. Kb2 {[%clk 0:05:39]} Rc7 {[%clk 0:22:37]} 29. Ka3
{[%clk 0:04:55]} g5 {[%clk 0:14:21]} 30. Rd8 {[%clk 0:04:09]} Rd7
{[%clk 0:09:46]} 31. R1xd7+ {[%clk 0:03:49]} Nxd7 {[%clk 0:10:15]} 32. Rg8
{[%clk 0:03:33]} Kf6 {[%clk 0:09:03]} 33. Kb4 {[%clk 0:03:24]} e4
{[%clk 0:07:09]} 34. fxe4 {[%clk 0:03:05]} Re5 {[%clk 0:07:31]} 35. Rd8
{[%clk 0:02:15]} Rxe4+ {[%clk 0:06:52]} 36. Kb5 {[%clk 0:01:53]} Ke7
{[%clk 0:06:36]} 37. Rc8 {[%clk 0:01:29]} Re5+ {[%clk 0:05:12]} 38. Kb4
{[%clk 0:01:58]} Re2 {[%clk 0:04:49]} 39. Rc3 {[%clk 0:00:39]} Rxg2
{[%clk 0:04:13]} 40. h3 {[%clk 0:01:06]} h4 {[%clk 0:03:29]} 41. Bc4
{[%clk 0:00:34]} Rg3 {[%clk 0:03:27]} 42. Bf1 {[%clk 0:00:31]} Rxc3
{[%clk 0:03:24]} 43. Kxc3 {[%clk 0:00:58]} Kd6 {[%clk 0:03:34]} 44. Kd4
{[%clk 0:01:00]} Nc5 {[%clk 0:03:32]} 45. Bb5 {[%clk 0:00:47]} e5+
{[%clk 0:03:04]} 46. Ke3 {[%clk 0:01:16]} f5 {[%clk 0:03:03]} 47. Kf3
{[%clk 0:01:17]} e4+ {[%clk 0:03:16]} 48. Ke3 {[%clk 0:01:37]} Ke5
{[%clk 0:03:26]} 49. c3 {[%clk 0:01:35]} g4 {[%clk 0:03:00]} 50. hxg4
{[%clk 0:01:39]} fxg4 {[%clk 0:03:28]} 51. Kf2 {[%clk 0:01:48]} Kf4
{[%clk 0:03:48]} 52. Kg2 {[%clk 0:01:27]} h3+ {[%clk 0:03:50]} 53. Kh2
{[%clk 0:01:54]} Kf3 {[%clk 0:03:43]} 54. Bf1 {[%clk 0:01:16]} Kf2
{[%clk 0:03:58]} 55. a5 {[%clk 0:00:39]} bxa5 {[%clk 0:04:14]} 56. c4
{[%clk 0:00:34]} Kxf1 {[%clk 0:04:33]} 57. Kh1 {[%clk 0:01:00]} Kf2
{[%clk 0:04:51]} 0-1

[Event "EYCC 2024 - O12"]
[Site "?"]
[Date "2024.08.24"]
[Round "3.12"]
[White "Nezhyvenko, Mykhaylo"]
[Black "Papai, Mate"]
[Result "0-1"]
[BlackElo "1985"]
[WhiteElo "2107"]
[LiveChessVersion "1.4.8"]

1. e4 {[%clk 1:30:37]} c5 {[%clk 1:30:50]} 2. Nf3 {[%clk 1:30:36]} e6
{[%clk 1:30:51]} 3. d4 {[%clk 1:30:26]} cxd4 {[%clk 1:31:15]} 4. Nxd4
{[%clk 1:30:51]} Nc6 {[%clk 1:31:42]} 5. Bf4 {[%clk 1:31:04]} d6 {[%clk 1:31:22]}
6. Nxc6 {[%clk 1:30:17]} bxc6 {[%clk 1:31:49]} 7. Bd3 {[%clk 1:28:45]} Rb8
{[%clk 1:29:42]} 8. Nd2 {[%clk 1:28:52]} e5 {[%clk 1:27:52]} 9. Be3
{[%clk 1:27:59]} Qc7 {[%clk 1:26:53]} 10. c4 {[%clk 1:18:32]} Nf6
{[%clk 1:23:36]} 11. h3 {[%clk 1:17:53]} Be7 {[%clk 1:19:47]} 12. Qa4
{[%clk 1:12:54]} Rb7 {[%clk 1:15:51]} 13. b4 {[%clk 1:01:00]} Bd7
{[%clk 1:12:53]} 14. c5 {[%clk 0:53:20]} d5 {[%clk 1:10:40]} 15. Bg5
{[%clk 0:48:44]} h6 {[%clk 1:00:42]} 16. Bxf6 {[%clk 0:40:05]} gxf6
{[%clk 1:00:14]} 17. f3 {[%clk 0:37:17]} Rg8 {[%clk 0:58:31]} 18. g4
{[%clk 0:34:32]} f5 {[%clk 0:44:48]} 19. gxf5 {[%clk 0:24:32]} Rg2
{[%clk 0:38:38]} 20. O-O-O {[%clk 0:16:56]} Bg5 {[%clk 0:36:38]} 21. Kc2
{[%clk 0:15:23]} Qb8 {[%clk 0:32:31]} 22. a3 {[%clk 0:15:28]} a5 {[%clk 0:32:28]}
23. Rhg1 {[%clk 0:11:34]} Rh2 {[%clk 0:30:58]} 24. Rh1 {[%clk 0:11:38]} Rxh1
{[%clk 0:27:47]} 25. Rxh1 {[%clk 0:12:06]} Bxd2 {[%clk 0:24:31]} 26. Kxd2
{[%clk 0:12:28]} axb4 {[%clk 0:24:32]} 27. Rb1 {[%clk 0:07:30]} bxa3
{[%clk 0:23:57]} 28. Rxb7 {[%clk 0:07:52]} Qxb7 {[%clk 0:24:25]} 29. Qxa3
{[%clk 0:08:20]} d4 {[%clk 0:23:04]} 30. Bc4 {[%clk 0:07:53]} Kf8
{[%clk 0:20:28]} 31. Qb3 {[%clk 0:06:41]} Qxb3 {[%clk 0:18:52]} 32. Bxb3
{[%clk 0:07:03]} Ke7 {[%clk 0:19:16]} 33. Bc4 {[%clk 0:06:56]} f6
{[%clk 0:14:45]} 34. Kd3 {[%clk 0:06:55]} Be8 {[%clk 0:14:46]} 35. f4
{[%clk 0:06:34]} Bh5 {[%clk 0:13:36]} 36. fxe5 {[%clk 0:06:52]} fxe5
{[%clk 0:13:58]} 37. h4 {[%clk 0:07:15]} Bf3 {[%clk 0:12:56]} 38. Ba6
{[%clk 0:07:39]} Bg2 {[%clk 0:11:38]} 39. Bb7 {[%clk 0:07:31]} Kd7
{[%clk 0:11:29]} 40. f6 {[%clk 0:06:13]} Bf1+ {[%clk 0:09:09]} 41. Kd2
{[%clk 0:06:40]} Bc4 {[%clk 0:09:08]} 42. Kc2 {[%clk 0:06:50]} Bf7
{[%clk 0:09:00]} 43. Kd3 {[%clk 0:05:39]} Be8 {[%clk 0:08:56]} 44. Ba6
{[%clk 0:06:07]} Ke6 {[%clk 0:09:12]} 45. Bc8+ {[%clk 0:06:32]} Kxf6
{[%clk 0:08:08]} 46. Bf5 {[%clk 0:06:51]} Ke7 {[%clk 0:07:48]} 47. Kc4
{[%clk 0:06:25]} Kd8 {[%clk 0:06:45]} 48. Bg4 {[%clk 0:05:50]} Bg6
{[%clk 0:05:58]} 49. Bf3 {[%clk 0:06:18]} Kc7 {[%clk 0:06:08]} 50. Kb4
{[%clk 0:06:12]} Kb7 {[%clk 0:06:18]} 51. Kc4 {[%clk 0:06:07]} Bf7+
{[%clk 0:05:48]} 52. Kb4 {[%clk 0:06:29]} Be6 {[%clk 0:06:06]} 53. Be2
{[%clk 0:06:14]} Bh3 {[%clk 0:05:38]} 54. Ka5 {[%clk 0:06:24]} Bg2
{[%clk 0:05:51]} 55. Bd3 {[%clk 0:06:53]} Bf3 {[%clk 0:03:36]} 56. Kb4
{[%clk 0:07:16]} Kc7 {[%clk 0:04:01]} 57. Ka5 {[%clk 0:07:44]} Bd1
{[%clk 0:03:28]} 58. Kb4 {[%clk 0:07:47]} Kd7 {[%clk 0:03:30]} 59. Ka5
{[%clk 0:07:49]} Ke6 {[%clk 0:03:10]} 60. Kb6 {[%clk 0:07:43]} Ba4
{[%clk 0:03:12]} 61. Kb7 {[%clk 0:07:34]} Kd7 {[%clk 0:02:32]} 62. Kb8
{[%clk 0:07:19]} Ke6 {[%clk 0:02:09]} 63. Kb7 {[%clk 0:07:39]} Kf6
{[%clk 0:02:33]} 64. Kc7 {[%clk 0:07:41]} Bb5 {[%clk 0:01:52]} 65. Bxb5
{[%clk 0:07:58]} cxb5 {[%clk 0:02:21]} 66. c6 {[%clk 0:07:32]} b4
{[%clk 0:02:15]} 67. Kd8 {[%clk 0:07:30]} d3 {[%clk 0:02:38]} 68. c7
{[%clk 0:07:56]} d2 {[%clk 0:03:04]} 69. c8=Q {[%clk 0:08:19]} d1=Q+
{[%clk 0:03:26]} 70. Ke8 {[%clk 0:08:42]} Qh5+ {[%clk 0:02:10]} 71. Kd8
{[%clk 0:09:06]} Qxh4 {[%clk 0:01:51]} 72. Qf5+ {[%clk 0:09:00]} Kg7+
{[%clk 0:02:20]} 73. Ke8 {[%clk 0:09:28]} Qf4 {[%clk 0:01:06]} 74. Qd7+
{[%clk 0:09:48]} Kh8 {[%clk 0:00:34]} 75. Ke7 {[%clk 0:08:35]} Qh4+
{[%clk 0:00:36]} 76. Kd6 {[%clk 0:08:00]} Qxe4 {[%clk 0:00:41]} 77. Qf7
{[%clk 0:08:12]} Qd4+ {[%clk 0:00:55]} 78. Kc6 {[%clk 0:08:09]} Qf4
{[%clk 0:00:59]} 79. Qe8+ {[%clk 0:07:43]} Kg7 {[%clk 0:01:13]} 80. Qe7+
{[%clk 0:08:10]} Kg6 {[%clk 0:01:31]} 81. Qe8+ {[%clk 0:08:35]} Qf7
{[%clk 0:01:45]} 82. Qb8 {[%clk 0:08:56]} b3 {[%clk 0:01:41]} 83. Kc5
{[%clk 0:09:18]} Kf5 {[%clk 0:01:03]} 84. Qc8+ {[%clk 0:08:39]} Kf4
{[%clk 0:01:25]} 85. Qh3 {[%clk 0:09:05]} Qf5 {[%clk 0:01:01]} 86. Qxh6+
{[%clk 0:09:10]} Ke4 {[%clk 0:00:54]} 87. Qh1+ {[%clk 0:08:56]} Qf3
{[%clk 0:01:09]} 88. Qh7+ {[%clk 0:08:39]} Ke3 {[%clk 0:01:22]} 89. Qb1
{[%clk 0:09:04]} Kf2 {[%clk 0:01:09]} 90. Qb2+ {[%clk 0:09:17]} Qe2
{[%clk 0:01:28]} 91. Qa3 {[%clk 0:09:24]} Qc2+ {[%clk 0:01:19]} 92. Kd5
{[%clk 0:09:48]} e4 {[%clk 0:01:28]} 93. Qf8+ {[%clk 0:10:00]} Ke2
{[%clk 0:01:50]} 94. Qh8 {[%clk 0:10:19]} Qd3+ {[%clk 0:02:04]} 95. Kc5
{[%clk 0:10:42]} e3 {[%clk 0:02:08]} 96. Qh2+ {[%clk 0:10:54]} Kd1
{[%clk 0:02:29]} 97. Qg1+ {[%clk 0:11:14]} Kc2 {[%clk 0:02:42]} 98. Kb4
{[%clk 0:11:19]} b2 {[%clk 0:02:58]} 0-1

[Event "EYCC 2024 - O12"]
[Site "?"]
[Date "2024.08.24"]
[Round "3.13"]
[White "Mnatsakanyan, Aren"]
[Black "Shilon Rahav, Eliran"]
[Result "0-1"]
[BlackElo "2103"]
[WhiteElo "1918"]
[LiveChessVersion "1.4.8"]

1. c4 {[%clk 1:30:58]} c5 {[%clk 1:30:46]} 2. Nc3 {[%clk 1:31:25]} Nc6
{[%clk 1:31:08]} 3. g3 {[%clk 1:31:47]} e5 {[%clk 1:31:23]} 4. Bg2
{[%clk 1:32:12]} g6 {[%clk 1:31:48]} 5. Nf3 {[%clk 1:32:37]} Bg7 {[%clk 1:32:13]}
6. O-O {[%clk 1:32:52]} Nge7 {[%clk 1:32:18]} 7. a3 {[%clk 1:33:14]} a5
{[%clk 1:32:34]} 8. Ne1 {[%clk 1:33:08]} d6 {[%clk 1:32:31]} 9. Nc2
{[%clk 1:33:30]} Be6 {[%clk 1:32:32]} 10. Ne3 {[%clk 1:33:54]} O-O
{[%clk 1:32:41]} 11. d3 {[%clk 1:34:20]} Qd7 {[%clk 1:32:41]} 12. Ned5
{[%clk 1:34:24]} Rab8 {[%clk 1:32:45]} 13. Rb1 {[%clk 1:20:49]} Bh3
{[%clk 1:26:12]} 14. b4 {[%clk 1:19:19]} Bxg2 {[%clk 1:24:28]} 15. Kxg2
{[%clk 1:19:44]} axb4 {[%clk 1:19:36]} 16. axb4 {[%clk 1:20:09]} Nxd5
{[%clk 1:18:57]} 17. Nxd5 {[%clk 1:20:27]} cxb4 {[%clk 1:12:39]} 18. Nxb4
{[%clk 1:19:26]} b5 {[%clk 1:12:31]} 19. Nxc6 {[%clk 1:17:07]} Qxc6+
{[%clk 1:12:54]} 20. Kg1 {[%clk 1:17:31]} bxc4 {[%clk 1:10:37]} 21. Rxb8
{[%clk 1:17:54]} Rxb8 {[%clk 1:11:02]} 22. dxc4 {[%clk 1:18:15]} Bf8
{[%clk 1:09:26]} 23. Qd3 {[%clk 1:02:11]} Rb4 {[%clk 1:08:23]} 24. Be3
{[%clk 0:53:10]} Rxc4 {[%clk 1:05:16]} 25. Rb1 {[%clk 0:53:23]} Rc3
{[%clk 0:56:47]} 26. Qd2 {[%clk 0:51:02]} Rc2 {[%clk 0:56:44]} 27. Qd3
{[%clk 0:51:20]} Ra2 {[%clk 0:54:29]} 28. Rc1 {[%clk 0:50:36]} Qa8
{[%clk 0:54:24]} 29. Qc4 {[%clk 0:48:43]} d5 {[%clk 0:53:41]} 30. Qc7
{[%clk 0:48:20]} d4 {[%clk 0:52:59]} 31. Bg5 {[%clk 0:48:09]} Rxe2
{[%clk 0:52:57]} 32. Be7 {[%clk 0:48:21]} d3 {[%clk 0:52:04]} 33. Bxf8
{[%clk 0:44:45]} d2 {[%clk 0:52:24]} 34. Rf1 {[%clk 0:45:00]} Re1
{[%clk 0:52:26]} 35. Qc3 {[%clk 0:41:21]} Rxf1+ {[%clk 0:52:49]} 0-1

[Event "EYCC 2024 - O12"]
[Site "?"]
[Date "2024.08.24"]
[Round "3.14"]
[White "Platonovs, Nikolajs"]
[Black "Elsness, Fredrik Valstad"]
[Result "1-0"]
[BlackElo "1900"]
[WhiteElo "2092"]
[LiveChessVersion "1.4.8"]

1. e4 {[%clk 1:30:57]} c6 {[%clk 1:30:58]} 2. d4 {[%clk 1:31:22]} d5
{[%clk 1:31:20]} 3. Nc3 {[%clk 1:31:48]} dxe4 {[%clk 1:31:42]} 4. Nxe4
{[%clk 1:32:13]} Nf6 {[%clk 1:32:08]} 5. Nxf6+ {[%clk 1:32:37]} exf6
{[%clk 1:32:36]} 6. Be3 {[%clk 1:32:57]} Bd6 {[%clk 1:32:22]} 7. Bd3
{[%clk 1:33:12]} O-O {[%clk 1:32:10]} 8. Ne2 {[%clk 1:32:59]} Be6
{[%clk 1:30:11]} 9. Qd2 {[%clk 1:30:41]} Re8 {[%clk 1:28:19]} 10. O-O
{[%clk 1:30:56]} Nd7 {[%clk 1:26:23]} 11. c4 {[%clk 1:29:03]} Nf8
{[%clk 1:25:05]} 12. Bf4 {[%clk 1:16:18]} Ng6 {[%clk 1:19:45]} 13. Bxd6
{[%clk 1:16:42]} Qxd6 {[%clk 1:20:09]} 14. Rad1 {[%clk 1:06:40]} Rad8
{[%clk 1:18:03]} 15. b3 {[%clk 1:05:27]} c5 {[%clk 1:05:13]} 16. d5
{[%clk 1:04:13]} Bg4 {[%clk 1:02:18]} 17. f3 {[%clk 1:02:47]} Bc8
{[%clk 1:01:56]} 18. Nc3 {[%clk 1:00:36]} f5 {[%clk 0:55:39]} 19. f4
{[%clk 0:56:25]} Qf6 {[%clk 0:53:14]} 20. Kh1 {[%clk 0:56:00]} Bd7
{[%clk 0:49:23]} 21. Ne2 {[%clk 0:49:02]} Ne7 {[%clk 0:44:27]} 22. Ng1
{[%clk 0:42:53]} Qb6 {[%clk 0:36:23]} 23. Nf3 {[%clk 0:42:29]} f6
{[%clk 0:35:50]} 24. Qc2 {[%clk 0:41:58]} g6 {[%clk 0:34:50]} 25. Qc3
{[%clk 0:36:02]} Nc8 {[%clk 0:33:39]} 26. a3 {[%clk 0:33:08]} Kf7
{[%clk 0:32:22]} 27. b4 {[%clk 0:30:27]} Nd6 {[%clk 0:32:10]} 28. Nd2
{[%clk 0:24:20]} Re3 {[%clk 0:26:05]} 29. bxc5 {[%clk 0:16:52]} Qxc5
{[%clk 0:24:58]} 30. Nb3 {[%clk 0:16:23]} Qc7 {[%clk 0:21:44]} 31. Qd4
{[%clk 0:14:43]} Rde8 {[%clk 0:20:37]} 32. c5 {[%clk 0:14:01]} Nb5
{[%clk 0:19:38]} 33. Qb4 {[%clk 0:10:46]} a6 {[%clk 0:15:24]} 34. Na5
{[%clk 0:08:41]} Kg7 {[%clk 0:09:56]} 35. Nc4 {[%clk 0:07:40]} Rxd3
{[%clk 0:09:03]} 36. Rxd3 {[%clk 0:08:01]} Re4 {[%clk 0:09:23]} 37. a4
{[%clk 0:05:59]} a5 {[%clk 0:08:29]} 38. Qb3 {[%clk 0:06:09]} Qxc5
{[%clk 0:07:24]} 39. axb5 {[%clk 0:06:34]} Rxc4 {[%clk 0:07:38]} 40. Re1
{[%clk 0:03:13]} Bxb5 {[%clk 0:06:14]} 41. Rd2 {[%clk 0:02:32]} Rxf4
{[%clk 0:02:25]} 42. d6 {[%clk 0:01:35]} Qe5 {[%clk 0:02:23]} 43. Qd1
{[%clk 0:01:24]} Qc5 {[%clk 0:01:01]} 44. d7 {[%clk 0:01:33]} Bxd7
{[%clk 0:01:11]} 45. Rxd7+ {[%clk 0:02:01]} Kh6 {[%clk 0:01:19]} 46. Qc1
{[%clk 0:02:01]} Qf2 {[%clk 0:01:09]} 47. Rd2 {[%clk 0:01:25]} Qb6
{[%clk 0:00:31]} 48. Rb2 {[%clk 0:01:17]} Qd4 {[%clk 0:00:40]} 49. g3
{[%clk 0:01:27]} Qd5+ {[%clk 0:01:05]} 50. Rg2 {[%clk 0:01:45]} g5
{[%clk 0:01:01]} 51. gxf4 {[%clk 0:02:05]} g4 {[%clk 0:01:26]} 52. Qc3
{[%clk 0:02:06]} Kg6 {[%clk 0:01:38]} 53. Qe3 {[%clk 0:01:28]} h5
{[%clk 0:01:30]} 54. Qe8+ {[%clk 0:01:38]} Kh6 {[%clk 0:01:51]} 55. h4
{[%clk 0:00:57]} g3 {[%clk 0:01:23]} 56. Qe3 {[%clk 0:01:06]} 1-0

[Event "EYCC 2024 - O12"]
[Site "?"]
[Date "2024.08.24"]
[Round "3.15"]
[White "Hellerud, Lauritz Nissen"]
[Black "Filindash, Nikita"]
[Result "0-1"]
[BlackElo "2067"]
[WhiteElo "1873"]
[LiveChessVersion "1.4.8"]

1. c4 {[%clk 1:30:58]} e6 {[%clk 1:30:57]} 2. e4 {[%clk 1:31:23]} d5
{[%clk 1:31:24]} 3. cxd5 {[%clk 1:31:48]} exd5 {[%clk 1:31:51]} 4. exd5
{[%clk 1:32:09]} Nf6 {[%clk 1:32:15]} 5. Bb5+ {[%clk 1:32:26]} Nbd7
{[%clk 1:32:41]} 6. Nc3 {[%clk 1:32:44]} Be7 {[%clk 1:33:06]} 7. d4
{[%clk 1:32:57]} O-O {[%clk 1:33:30]} 8. Nf3 {[%clk 1:33:19]} Nb6
{[%clk 1:33:52]} 9. h3 {[%clk 1:33:38]} h6 {[%clk 1:33:37]} 10. O-O
{[%clk 1:33:39]} Nbxd5 {[%clk 1:34:02]} 11. Re1 {[%clk 1:30:50]} c6
{[%clk 1:33:32]} 12. Bf1 {[%clk 1:29:36]} Re8 {[%clk 1:33:07]} 13. Ne5
{[%clk 1:21:36]} Bf5 {[%clk 1:24:29]} 14. Qf3 {[%clk 1:11:09]} Be6
{[%clk 1:15:23]} 15. a3 {[%clk 1:00:28]} Qb6 {[%clk 1:07:22]} 16. Qd1
{[%clk 0:47:37]} Rad8 {[%clk 1:07:24]} 17. Na4 {[%clk 0:44:14]} Qc7
{[%clk 1:05:12]} 18. Qc2 {[%clk 0:42:25]} Nb6 {[%clk 1:01:44]} 19. Nc5
{[%clk 0:38:18]} Bd5 {[%clk 0:48:42]} 20. Qf5 {[%clk 0:30:26]} Nc8
{[%clk 0:34:24]} 21. Bf4 {[%clk 0:27:24]} Nd6 {[%clk 0:32:38]} 22. Qc2
{[%clk 0:27:26]} Qc8 {[%clk 0:31:46]} 23. Bd3 {[%clk 0:22:48]} Nb5
{[%clk 0:21:43]} 24. Bxb5 {[%clk 0:21:17]} cxb5 {[%clk 0:22:12]} 25. Rac1
{[%clk 0:21:03]} b6 {[%clk 0:20:58]} 26. Ncd3 {[%clk 0:19:37]} Qf5
{[%clk 0:20:56]} 27. f3 {[%clk 0:10:11]} Bd6 {[%clk 0:16:35]} 28. Bh2
{[%clk 0:10:04]} Qg5 {[%clk 0:08:59]} 29. Qf2 {[%clk 0:09:18]} h5
{[%clk 0:07:37]} 30. h4 {[%clk 0:08:41]} Qf5 {[%clk 0:08:02]} 31. Kh1
{[%clk 0:03:34]} Bc4 {[%clk 0:04:19]} 32. Nxc4 {[%clk 0:03:33]} bxc4
{[%clk 0:04:47]} 33. Rxe8+ {[%clk 0:02:58]} Nxe8 {[%clk 0:04:08]} 34. Ne5
{[%clk 0:02:50]} b5 {[%clk 0:03:32]} 35. Nc6 {[%clk 0:02:19]} Rc8
{[%clk 0:02:31]} 36. Bxd6 {[%clk 0:02:42]} Rxc6 {[%clk 0:02:53]} 37. Bb4
{[%clk 0:02:41]} Nc7 {[%clk 0:03:07]} 38. Qe2 {[%clk 0:02:34]} Qf4
{[%clk 0:03:10]} 39. Re1 {[%clk 0:02:36]} Qxh4+ {[%clk 0:03:35]} 40. Kg1
{[%clk 0:02:52]} Qxd4+ {[%clk 0:04:00]} 41. Kh1 {[%clk 0:02:40]} Re6
{[%clk 0:04:16]} 42. Qf1 {[%clk 0:00:56]} Qh4+ {[%clk 0:03:25]} 43. Kg1
{[%clk 0:01:19]} Rxe1 {[%clk 0:03:49]} 44. Qxe1 {[%clk 0:01:18]} Qxe1+
{[%clk 0:03:53]} 45. Bxe1 {[%clk 0:01:41]} Kf8 {[%clk 0:04:09]} 46. Kf2
{[%clk 0:01:47]} Ke7 {[%clk 0:04:34]} 47. Ke3 {[%clk 0:02:02]} Nd5+
{[%clk 0:04:32]} 48. Ke4 {[%clk 0:02:15]} Ke6 {[%clk 0:04:54]} 49. Bd2
{[%clk 0:02:04]} f6 {[%clk 0:04:55]} 50. f4 {[%clk 0:01:51]} Nb6 {[%clk 0:05:04]}
51. f5+ {[%clk 0:01:52]} Kf7 {[%clk 0:05:09]} 52. Be3 {[%clk 0:01:09]} Na4
{[%clk 0:04:57]} 53. Bd4 {[%clk 0:01:15]} Ke7 {[%clk 0:01:12]} 54. Kd5
{[%clk 0:01:28]} Kd7 {[%clk 0:01:41]} 55. g3 {[%clk 0:01:36]} a6 {[%clk 0:01:53]}
56. Bc3 {[%clk 0:01:10]} Nxc3+ {[%clk 0:00:38]} 57. bxc3 {[%clk 0:01:34]} Kc7
{[%clk 0:01:01]} 58. Kc5 {[%clk 0:01:07]} Kb7 {[%clk 0:01:27]} 59. Kd6
{[%clk 0:00:32]} Kb6 {[%clk 0:01:41]} 60. Ke7 {[%clk 0:00:34]} a5
{[%clk 0:02:00]} 61. Kf7 {[%clk 0:00:58]} b4 {[%clk 0:02:04]} 62. axb4
{[%clk 0:01:09]} axb4 {[%clk 0:02:19]} 63. Kxg7 {[%clk 0:01:22]} bxc3
{[%clk 0:02:37]} 0-1